banner koha

Composição química do óleo essencial e avaliação da atividade antimicrobiana das folhas de Trembleya phlogiformis DC (Registro n. 300649)

MARC details
000 -LÍDER
fixed length control field 05079nab a2200373 i 4500
003 - CÓDIGO MARC DA AGÊNCIA CATALOGADORA
Campo de controle BR-BrBNA
005 - DATA E HORA DA ÚLTIMA ATUALIZAÇÃO
Campo de controle 20240724182031.0
008 - CAMPO DE TAMANHO FIXO
fixed length control field 240724b2016 bl.qr|pooa||| 00| 0 por |
040 ## - FONTE DA CATALOGAÇÃO
Agência catalogadora BR-BrBNA
Idioma da catalogação por
072 ## - CATEGORIA AGRIS
Código AGRIS F60
100 ## - ENTRADA PRINCIPAL - NOME PESSOAL
Nome pessoal Fernandes, S.R.
100 ## - ENTRADA PRINCIPAL - NOME PESSOAL
Nome pessoal Ferreira, H.D.
100 ## - ENTRADA PRINCIPAL - NOME PESSOAL
Nome pessoal Chaul, L.T.
100 ## - ENTRADA PRINCIPAL - NOME PESSOAL
Nome pessoal Sá, S.
100 ## - ENTRADA PRINCIPAL - NOME PESSOAL
Nome pessoal Alves, V.F.
100 ## - ENTRADA PRINCIPAL - NOME PESSOAL
Nome pessoal Tresvenzol, L.M.F.
100 ## - ENTRADA PRINCIPAL - NOME PESSOAL
Nome pessoal Ferri, P.H.
100 ## - ENTRADA PRINCIPAL - NOME PESSOAL
Nome pessoal Santos, P.A.
100 ## - ENTRADA PRINCIPAL - NOME PESSOAL
Nome pessoal Paula, J.R.
100 ## - ENTRADA PRINCIPAL - NOME PESSOAL
Nome pessoal Fiuza, T.S.
245 ## - TÍTULO PRINCIPAL
Título principal Composição química do óleo essencial e avaliação da atividade antimicrobiana das folhas de Trembleya phlogiformis DC
500 ## - NOTA GERAL
Nota geral Publicação on-line; 38 ref.; 3 tables; Summaries (En, Pt)
942 ## - ADDED ENTRY ELEMENTS (KOHA)
Koha item type
520 ## - NOTA DE RESUMO
Nota de conteúdo <br/><br/>RESUMO: <br/><br/>A Trembleya phlogiformis é uma espécie do Cerrado utilizada como corante vegetal<br/>para lã e algodão, empregados nos teares manuais, em comunidades mineiras. Nesse trabalho<br/>realizou-se a caracterização físico-química da droga vegetal, determinou-se a composição<br/>química do óleo essencial e avaliou-se a atividade antimicrobiana do óleo essencial, dos extratos<br/>e frações das folhas. O material botânico foi coletado na Serra dos Pireneus, Pirenópolis, no<br/>estado de Goiás. Foram determinados os teores de: umidade, cinzas totais e cinzas insolúveis<br/>em ácido de acordo com a Farmacopeia Brasileira 5ª edição. O óleo essencial foi extraído em<br/>aparelho de Clevenger e analisado por CG/EM. A atividade antimicrobiana foi realizada pelo<br/>método de microdiluição em caldo. O teor de umidade para o pó das folhas foi de 6,52% ±<br/>0,38%; o teor de cinzas totais 7,01% ± 2,64 e de cinzas insolúveis em ácido de 1,65% ± 1,28%.<br/>Os compostos majoritários do óleo essencial foram: álcool oleico (7,76%), ácido dodecanoico<br/>(4,01%), neril acetona (3,92%), α-santaleno (3,72%). Verificou-se a atividade antimicrobiana<br/>do extrato hexânico obtido da superfície foliar (CIM 31,25-62,50 µg/mL) frente a Bacilus cereus<br/>e B. subtilis, da fração acetato de etila (CIM 31,25-62,5 µg/mL) contra B. cereus, B. subtilis e<br/>Micrococcus luteus. As frações acetato de etila e butanólica apresentaram atividade (CIM 15,52-<br/>62,5 µg/mL) frente a algumas cepas de Candida spp, Cryptococcus neoformans e Trichophyton<br/>mentagrophytes. Esses resultados se constituem no primeiro estudo dos constituintes químicos<br/>do óleo essencial e da atividade antimicrobiana dos extratos brutos, óleo essencial e frações<br/>das folhas de T. phlogiformis e contribuem com dados padrão para droga vegetal constituída<br/>por folhas desta espécie.<br/><br/>Palavras-chave: Cerrado, Melastomataceae, Trembleya, óleo essencial.
520 ## - NOTA DE RESUMO
Nota de conteúdo <br/><br/>ABSTRACT: <br/><br/>Chemical composition of the essential oil and evaluation of the antimicrobial<br/>activity of Trembleya phlogiformis DC leaves. Trembleya phlogiformis is a plant species from<br/>Cerrado used as a vegetable dye in communities of Minas Gerais to dye wool and cotton in<br/>handlooms. The aims of this study were to perform the physicochemical characterization of the<br/>plant drug, to study the chemical compounds of the essential oil and to evaluate the antimicrobial<br/>activity of essential oils, extracts and fractions of leaves. The moisture content, total ash and<br/>acid insoluble ash were determined in accordance with the Brazilian Pharmacopoeia, 5th edition.<br/>The essential oil was extracted in Clevenger apparatus and its compounds evaluated by GC/<br/>MS. The antimicrobial activity was performed by the microdilution broth method. The moisture<br/>content was 6.52%. The total ash content was 7.08% and the insoluble ash in acid, 1.95%. The<br/>major compounds of the essential oil were oleic alcohol (7.76%), dodecanoic acid (4.01%), neril<br/>acetone (3.92%), α-santalene (3.72%). It was verified the antimicrobial activity of hexane extract<br/>obtained from the leaf surface against Bacillus cereus and Bacillus subtilis, the ethyl acetate<br/>fraction against B. cereus, B. subtilis and Micrococcus luteus and the butanol fraction against<br/>M. luteus. Ethyl acetate and butanol fractions showed activity against strains of Candida spp,<br/>Cryptococcus neoformans and Trichophyton mentagrophytes. These results constitute the first<br/>study of the antimicrobial activity of crude extracts, essential oil and fractions of T. phlogiformis<br/>leaves and chemical constituents of essential oil and it contributes with standard data to the<br/>plant drug composed of leaves of this species.<br/><br/>Keywords: Cerrado, Melastomataceae, Trembleya, essential oil
650 ## - ASSUNTO - THESAGRO
Cabeçalho tópico ou nome geográfico CERRADO
650 ## - ASSUNTO - THESAGRO
Cabeçalho tópico ou nome geográfico MELASTOMATACEAE
650 ## - ASSUNTO - THESAGRO
Cabeçalho tópico ou nome geográfico ÓLEO ESSENCIAL
650 ## - ASSUNTO - THESAGRO
Cabeçalho tópico ou nome geográfico PLANTA MEDICINAL
650 ## - ASSUNTO - THESAGRO
Cabeçalho tópico ou nome geográfico COMPOSIÇÃO QUÍMICA
773 0# - ENTRADA ANALÍTICA
Host Biblionumber 3543
Registro do item 316772
Imprenta Botucatu-SP Instituto de Biociências - Departamento de Química e Bioquímica 1998
Outro identificador 2024-3310
Título Revista Brasileira de Plantas Medicinais (Brazil)
ISSN 1516-0572
Colação v. 18(4) p. 828-836; (2016)
Número de controle de registro BR2024002066
856 ## - ACESSO E ENDEREÇO ELETRÔNICO
Identificador uniforme de recurso - URI https://www.sbpmed.org.br/admin/files/papers/file_9o43NJiehoEh.pdf

Nenhum exemplar disponível.

BINAGRI

Telefone: (61)3218-2567/2388/3357/2097 - binagri@agro.gov.br

Ministério da Agricultura e Pecuária , Esplanada dos Ministérios, Bloco D, Anexo B, Brasília/DF, CEP: 70.043-900